000 00305nam a22001337a 4500
020 _a978-81-937669-1-0
041 _aENG
100 _aSunda Raj
245 _aA Competitive Book Of Agriculture
260 _aJaipur
_bSurahee PUb
_c2019
300 _a412
650 _aBanking
856 _uCompetitive Exam
999 _c145
_d145